000 01182cam a22001934a 4500
005 20250605164223.0
008 250528s ||||||||||||||||||||||||d
035 _a20746
040 _aGR-AtMCL
_bgre
_dGR-AtMCL
_eAACR2
245 1 _aΒασικές Δεξιότητες στις Τεχνολογίες της Πληροφορίας και της Επικοινωνίας / Γ' ΚΠΣ Επιχειρησιακό Πρόγραμμα: Κοινωνία της Πληροφορίας
260 _bΠαιδαγωγικό Ινστιτούτο - Εαιτυ,
_c2005
300 _a532
520 _aΕισαγωγή, Εισαγωγικές Έννοιες Πληροφορικής και Χρήση Η/Υ και Γραφικά Περιβάλλοντα Επικοινωνίας, Επεξεργασία Κειμένου, Υπολογιστά Φύλλα, Διαχείριση Πληροφοριών και Επικοινωνίες, Παρουσιάσεις, Πρακτική Εξάσκηση, Παράρτημα.
700 1 _aΠαπαδάκης Σπυρίδων Χ
_96715
700 1 _aΧατζηπέρης Νικόλαος Θ
_96716
942 _cBK
999 _c5830
_d5830